| 000 | 00878nam a2200265 i 4500 | ||
|---|---|---|---|
| 001 | 172680 | ||
| 003 | ES-MaACL | ||
| 005 | 20250814090642.0 | ||
| 007 | t| | ||
| 008 | 090820s1994 fr ||||1| fre d | ||
| 020 | _a2-13-045823-8 | ||
| 080 | _a791.43(44) | ||
| 100 | 1 |
_aBertin-Maghit, Jean-Pierre. _9141172 |
|
| 245 | 1 | 3 |
_aLe cinéma français sous l'Occupation / _cJean-Pierre Bertin-Maghit. |
| 250 | _a1re éd. | ||
| 260 |
_aParis : _bPresses Universitaires de France, _c1994. |
||
| 300 |
_a128 p. ; _c18 cm. |
||
| 490 | 1 |
_aQue sais-je ? ; _v2803 |
|
| 650 |
_aCine- _zFrancia. _9171026 |
||
| 650 | 7 |
_aCine y política _2embne _9141173 |
|
| 651 | 4 |
_aFrancia- _xHistoria- _y1940-1945, Ocupación alemana. _9139486 |
|
| 830 | 0 | 0 |
_aQue sais-je? _v2803 _9180931 |
| 852 | 4 |
_aES-MaACL _jE-12968 _9R.139162 _z. - Biblioteca Jacinto Martínez Lacalle |
|
| 999 |
_c172680 _d172680 |
||